000 00471nam a22001697a 4500
008 161130s2006 gt||||| |||| 00| 0 spa d
020 _a9992223324
082 0 4 _a861
_bO775m
100 1 _aOrtiz, Diana Gabriela.
_95645
245 1 4 _aMis contradicciones /
_cDiana Gabriela Ortiz.
250 _a1a ed.
260 _aGuatemala :
_bFolio 114,
_c2016.
300 _a24 p.
653 1 0 _aLiteratura Latinoamericana
653 1 0 _aPoesía - Guatemala
653 1 0 _aPoesía - Arte
999 _c1102
_d1102